<?xml version="1.0" encoding="UTF-8"?><?xml-stylesheet type="text/xsl" href="static/style.xsl"?><OAI-PMH xmlns="http://www.openarchives.org/OAI/2.0/" xmlns:xsi="http://www.w3.org/2001/XMLSchema-instance" xsi:schemaLocation="http://www.openarchives.org/OAI/2.0/ http://www.openarchives.org/OAI/2.0/OAI-PMH.xsd"><responseDate>2026-06-29T02:46:39Z</responseDate><request verb="GetRecord" identifier="oai:docta.ucm.es:20.500.14352/133454" metadataPrefix="marc">https://docta.ucm.es/rest/oai/request</request><GetRecord><record><header><identifier>oai:docta.ucm.es:20.500.14352/133454</identifier><datestamp>2026-02-28T01:12:39Z</datestamp><setSpec>com_20.500.14352_14</setSpec><setSpec>col_20.500.14352_15</setSpec></header><metadata><record xmlns="http://www.loc.gov/MARC21/slim" xmlns:dcterms="http://purl.org/dc/terms/" xmlns:xsi="http://www.w3.org/2001/XMLSchema-instance" xmlns:doc="http://www.lyncode.com/xoai" xsi:schemaLocation="http://www.loc.gov/MARC21/slim http://www.loc.gov/standards/marcxml/schema/MARC21slim.xsd">
   <leader>00925njm 22002777a 4500</leader>
   <datafield ind2=" " ind1=" " tag="042">
      <subfield code="a">dc</subfield>
   </datafield>
   <datafield ind2=" " ind1=" " tag="720">
      <subfield code="a">Luque García, José Luis</subfield>
      <subfield code="e">author</subfield>
   </datafield>
   <datafield ind2=" " ind1=" " tag="720">
      <subfield code="a">Anunciacao, Daniela S.</subfield>
      <subfield code="e">author</subfield>
   </datafield>
   <datafield ind2=" " ind1=" " tag="720">
      <subfield code="a">Barbosa, Cintya D. Angeles do E.S.</subfield>
      <subfield code="e">author</subfield>
   </datafield>
   <datafield ind2=" " ind1=" " tag="720">
      <subfield code="a">Carinhanha, Josue</subfield>
      <subfield code="e">author</subfield>
   </datafield>
   <datafield ind2=" " ind1=" " tag="720">
      <subfield code="a">Guimaraes, Ari S.</subfield>
      <subfield code="e">author</subfield>
   </datafield>
   <datafield ind2=" " ind1=" " tag="720">
      <subfield code="a">Oliveria, Woodland de S.</subfield>
      <subfield code="e">author</subfield>
   </datafield>
   <datafield ind2=" " ind1=" " tag="720">
      <subfield code="a">Perez Roldan, Angel</subfield>
      <subfield code="e">author</subfield>
   </datafield>
   <datafield ind2=" " ind1=" " tag="720">
      <subfield code="a">da Silva Neta, Maria de Fatima</subfield>
      <subfield code="e">author</subfield>
   </datafield>
   <datafield ind2=" " ind1=" " tag="720">
      <subfield code="a">da Vega, Amanda G.</subfield>
      <subfield code="e">author</subfield>
   </datafield>
   <datafield ind2=" " ind1=" " tag="260">
      <subfield code="c">2026-01-31</subfield>
   </datafield>
   <datafield ind2=" " ind1=" " tag="520">
      <subfield code="a">The development of multifunctional nanomaterials with antioxidant and photoprotective properties offers significant potential for cosmetic and biomedical applications. In this study, selenium (SeNPs) and selenium–copper (SeCuNPs) nanoparticles were synthesized via chemical reduction using chitosan (CHI) and polyvinyl alcohol (PVA) as stabilizers. Transmission electron microscopy confirmed a spherical morphology, with mean sizes of 85.4 ± 20.2 nm (SeNPs_CHI) and 76.2 ± 12.0 nm (SeCuNPs_CHI), and significantly smaller sizes for PVA-stabilized formulations (34.3 ± 4.0 nm and 32.5 ± 5.8 nm, respectively). X-ray photoelectron spectroscopy (XPS) confirmed the presence of elemental selenium (Se0) and copper (Cu0) in the hybrid nanoparticles. All formulations exhibited potent antioxidant capacity, as demonstrated by ABTS●+, DPPH●, and FRAP assays, outperforming classical standards including Trolox®, ascorbic acid, and quercetin. In vitro sun protection factor (SPF) values were significantly higher than that of the commercial UV filter 2-hydroxy-4-methoxybenzophenone (BZF-3), particularly for SeCuNPs_PVA. Additionally, the nanoparticles displayed excellent photostability under simulated solar irradiation, maintaining or improving SPF over time. These findings highlight the potential of selenium-based nanoparticles, especially hybrid SeCuNPs, as multifunctional agents with strong antioxidant and photoprotective activity, offering a promising platform for the development of next-generation dermocosmetic and biotechnological products.</subfield>
   </datafield>
   <datafield ind1="8" ind2=" " tag="024">
      <subfield code="a">Neta, Maria De Fatima C. Da Silva, et al. «Biopolymer-Stabilized Selenium and Selenium‑copper Nanoparticles with Antioxidant and Photoprotective Dual Functionality». Inorganic Chemistry Communications, vol. 186, abril de 2026, p. 116273. DOI.org (Crossref), https://doi.org/10.1016/j.inoche.2026.116273.</subfield>
   </datafield>
   <datafield ind1="8" ind2=" " tag="024">
      <subfield code="a">10.1016/j.inoche.2026.116273</subfield>
   </datafield>
   <datafield ind1="8" ind2=" " tag="024">
      <subfield code="a">https://hdl.handle.net/20.500.14352/133454</subfield>
   </datafield>
   <datafield ind1="8" ind2=" " tag="024">
      <subfield code="a">https://doi.org/10.1016/j.inoche.2026.116273</subfield>
   </datafield>
   <datafield ind1="8" ind2=" " tag="024">
      <subfield code="a">https://www.sciencedirect.com/science/article/pii/S1387700326001395</subfield>
   </datafield>
   <datafield ind2="0" ind1="0" tag="245">
      <subfield code="a">Biopolymer-stabilized selenium and selenium‑copper nanoparticles with antioxidant and photoprotective dual functionality</subfield>
   </datafield>
</record></metadata></record></GetRecord></OAI-PMH>